| 000 | 00489nam a2200181Ia 4500 | ||
|---|---|---|---|
| 001 | 9154 | ||
| 005 | 20260306160702.0 | ||
| 008 | 260306t2000||||xx |||||||||||||| ||spa|| | ||
| 041 | _aESP | ||
| 082 |
_a373.126 _bG47 |
||
| 100 |
_aGiné, Núria _eAUT |
||
| 245 | 0 |
_aEvaluación en la educación secundaria: _belementos para la reflexión y recursos para la práctica |
|
| 260 | _c2000 | ||
| 300 |
_a156 páginas : _c24 cm. |
||
| 650 | _aGEN | ||
| 654 | _aCED | ||
| 942 |
_cLIB _dJUS _fJUS _2ddc _n |
||
| 999 |
_c9154 _d9154 |
||